Tot sobre Catalunya / Josep Maria Puigjaner
Descripción Física:
129 p. : il., col. ; 25'5 cm
MARC
| LEADER | 00000nam a2200000Ia 4500 | ||
|---|---|---|---|
| 001 | 9706 | ||
| 008 | 160829s1992 xx 000 0 cat d | ||
| 080 | |a H-1-43 | ||
| 100 | |a Puigjaner, Josep Maria |9 24029 | ||
| 245 | |a Tot sobre Catalunya / Josep Maria Puigjaner | ||
| 260 | |a Barcelona : |b Generalitat de Catalunya. Departament de la Presidència, |c 1992 | ||
| 300 | |a 129 p. : |b il., col. ; |c 25'5 cm | ||
| 590 | |a Presentat conjuntament amb el llibre 'Catalunya', en una carpeta titulada 'Benvinguts a Catalunya'. | ||
| 650 | |a Catalunya |x Història |9 24030 | ||
| 650 | 0 | |a Cultura catalana |9 42871 | |
| 710 | |a Catalunya. |b Departament de la Presidència |9 10777 | ||
| 901 | |a Arxiu | ||
| 942 | |n 1 | ||
| 952 | |0 0 |1 0 |4 0 |6 H143 |7 1 |9 42943 |a Arxiu |b Arxiu |d 2016-12-01 |l 0 |o H-1-43 |p 9706 |r 2016-12-01 00:00:00 |w 2016-12-01 |y ARXIU | ||
| 999 | |c 45485 |d 45485 | ||